000 004710000a22001810004500
020 _a0-8054-5091-2
041 0 _aENG
082 0 4 _aG 362.7 R4331k
100 1 _aResener, Carl R. (1929-)
245 1 0 _aKids on the street / Carl R. Resener, Judy Hall
260 _aNashville, TN., USA : Broadman
300 _a207 Pag
001 9763
942 _cBK
999 _c39617
_d39617
336 _atexto
_btxt
_2rdacontent
337 _2rdamedia
_asin mediación
_bn
338 _2rdacarrier
_avolumen
_bnc